000 00551nam a2200193 i 4500
001 134426
003 ES-MaACL
005 20231227150146.0
007 t|
008 070910s1971 sp ||||1| cat d
100 1 _aXuriguera, Ramón.
_9117526
245 1 0 _aJacint Verdaguer
_b: l'home i l'obra /
_cRamón Xuriguera.
250 _a[1ª ed.].
260 _a[Barcelona :
_bPáortic,
_c1971]
300 _a355 p. ;
_c18 cm.
600 1 4 _aVerdaguer, Jacint,
_d1845-1902
_9113998
852 _aES-MaACL
_jC-45968
_bR.77732
999 _c134426
_d134426